• 首页
  • 本馆介绍
  • 公告通知
  • 最新文献
  • 馆藏检索
  • 电子资源
  • 读者导购
  • 参考咨询
  • 我的图书馆
  • 登录
  • 详细信息显示
  • 放入我的书架
  • 预约/预借图书
  • 作者相关作品
  • 分类相关作品
  • 丛书相关作品
  • 出版社相关作品

书目信息

  • 表格格式
  • 工作单格式
  • 卡片格式
书名: Southern Ute women
作者: Katherine M.B. Osburn.
分册号:
分册名:
出版地: Albuquerque :
 
出版社: University of New Mexico Press
出版时间: c1998.
页数: xiv, 165 p. :
开本: 24 cm.
丛书名:
中图分类号:
科图分类号:
其他分类号: K712
主题词:
电子资源:
000 01266cam a2200337 a 450
001 E0756295554
005 20070709154236.12
008 970917s1998 nmua s001 0 eng
010    @a97040742
020    @a0826318630 (pbk.).
020    @a0826318622 (cloth).
035    @A(DLC) 97040742
040    @aDLC@cDLC@dDLC
043    @an-ust--
050 00 @aE99.U8@bO83 1998
082 00 @a303.48/2/0899745@2 21
090    @aK712
099    @dK712@ex69
100 1  @aOsburn, Katherine.
245 10 @aSouthern Ute women :@bautonomy and assimilation on the reservation, 1887-1934 / @cKatherine M.B. Osburn.
250    @a1st ed.
260    @aAlbuquerque :@bUniversity of New Mexico Press,@cc1998.
300    @axiv, 165 p. :@bill. ;@c24 cm.
504    @aIncludes bibliographical references (p. 149-162) and indaex.
650  0 @aUte Indians@xSocial conditions.
650  0 @aIndian women@zSouthwest, New@xSocial conditions.
650  0 @aAcculturation@zSouthwest, New.
906    @a7@bcbc@corignew@d1@eocip@f19@gy-gencatlg
920    @a**LC HAS REQ’D # OF SHELF COPIES**
955    @apc17 to sa00 09-18-97; sf08 09-18-97; sc13 09-23-97; sc02 to DDC 09-24-97; CIP ver. yj03 03-27-98
991    @bc-GenColl@hE99.U8@iO83 1998@p00054380227@tCopy 1@wBOOKS
    
    Southern Ute women : : autonomy and assimilation on the reservation, 1887-1934 / / Katherine M.B. Osburn.-1st ed.-Albuquerque : : University of New Mexico Press, , c1998.
    xiv, 165 p. : : ill. ; ; 24 cm.
    Includes bibliographical references (p. 149-162) and indaex.
    
    ISBN 0826318630 (pbk.).
    
●
相关链接 在E读中查询图书 在五车中查询图书 在当当中查询图书 在豆瓣中查询图书


正题名:Southern Ute women     索取号:K712/x69         预约/预借

序号 登录号 条形码 馆藏地/架位号 状态 备注
1 0011703   300117031   第二样本阅览室/ [索取号:K712/x69] 在馆    
唐山师范学院图书馆 欢迎您!
大连网信软件有限公司© 版权所有